Medieval Prague and the transformations of its structure
| Titel: | Medieval Prague and the transformations of its structure / Josef Žemlička |
|---|---|
| Verfasser: | |
| In: |
Lo sguardo lungimirante delle capitali, (2014), Seite 61-78 alle Artikel anzeigen |
| Veröffentlicht: | 2014 |
| Format: | Aufsatz |
| Sprache: | Englisch |
X
alg: 41653485 001A $03025:13-09-17 001B $01999:13-09-17 $t23:56:40.000 001C $03025:13-09-17 $t15:59:05.000 001D $03025:13-09-17 001U $0utf8 001X $00 002@ $0Aou 002C $aText $btxt $2rdacontent 002D $aohne Hilfsmittel zu benutzen $bn $2rdamedia 002E $aBand $bnc $2rdacarrier 003@ $0416534856 007A $0416534856 $aHEB 010@ $aeng 010E $erda 011@ $a2014 021A $aMedieval Prague and the transformations of its structure $hJosef Žemlička 028A $BVerfasser $4aut $7134200845 $8Žemlička, Josef$Z1946- [Tp1] $919802648X 031A $h61-78 $j2014 039B $aEnthalten in $8--Aau--. Lo @sguardo lungimirante delle capitali. - Prima edizione. - Roma : Viella, luglio 2014. - 457 Seiten. - illustrations. - ISBN 978-88-6728-313-2 $x201400000000000939 $9416534767 044K $#Prag $#Hlavni Město Praha $#Hauptstadt Prag $#Prag Kraj $#Bezirk Prag $#Praha $#Prague $#Praga $#Praag $74076310-9 $8Prag [Tg1] $9085216283 lok: 41653485 78 exp: 41653485 78 1 #EPN 201B/01 $013-09-17 $t15:59:05.000 201C/01 $013-09-17 201U/01 $0utf8 203@/01 $01007397365 208@/01 $a13-09-17 $be 209A/01 $a/ $f000 $x00 209A/01 $ab*p $x01 220C/01 $apgar 244Z/01 $#Böhmische Kronländer $#Länder der Böhmischen Krone $#Sudetenland $#Böhmen $#Mähren $#Mährisch-Schlesien $#Österreichisch-Schlesien $#Tschechische Sozialistische Republik Böhmische Länder $#Tschechei Böhmische Länder $#Země koruny české $74069573-6 $8--Tg1--Böhmische Länder $x01 $9085195553 247C/01 $82080>Marburg/Lahn, Herder-Institut, Forschungsbibliothek, Bibliographieportal $9336309341
| LEADER | 00000caa a2200000 c 4500 | ||
|---|---|---|---|
| 001 | 416534856 | ||
| 003 | DE-603 | ||
| 005 | 20170913235640.0 | ||
| 007 | tu | ||
| 008 | 170913s2014 xx |||| | u00||u|eng c | ||
| 035 | |a (DE-599)HEB416534856 | ||
| 040 | |a DE-603 |b ger |c DE-603 |d DE-603 |e rda | ||
| 041 | |a eng | ||
| 100 | 1 | |a Žemlička, Josef |d 1946- |e Verfasser |4 aut |0 (DE-603)19802648X |0 (DE-588)134200845 |2 gnd | |
| 245 | 0 | 0 | |a Medieval Prague and the transformations of its structure |c Josef Žemlička |
| 264 | 0 | |c 2014 | |
| 336 | |a Text |b txt |2 rdacontent | ||
| 337 | |a ohne Hilfsmittel zu benutzen |b n |2 rdamedia | ||
| 338 | |a Band |b nc |2 rdacarrier | ||
| 651 | 7 | |a Prag |0 (DE-588)4076310-9 |0 (DE-603)085216283 |2 gnd | |
| 773 | 0 | 8 | |i Enthalten in |t Lo sguardo lungimirante delle capitali |b Prima edizione |d Roma : Viella, luglio 2014 |h 457 Seiten, illustrations |z 9788867283132 |g (2014), Seite 61-78 |w (DE-603)416534767 |
| 924 | 0 | |9 2080 |a (DE-603)1007397365 |b DE-2080 |c HES |d d |g / | |


